Political systems and the distribution of power (Record no. 82040)

MARC details
000 -LEADER
fixed length control field 00738nam a2200169 a 4500
008 - FIXED-LENGTH DATA ELEMENTS--GENERAL INFORMATION
fixed length control field 120416s1965 ||||||||||||||||| || u
050 ## - LIBRARY OF CONGRESS CALL NUMBER
Classification number GN 490 Con
100 ## - MAIN ENTRY--PERSONAL NAME
Personal name Banton, Michael
245 10 - TITLE STATEMENT
Title Political systems and the distribution of power
Statement of responsibility, etc. edited by Michael Banton
260 ## - PUBLICATION, DISTRIBUTION, ETC.
Place of publication, distribution, etc. London
Name of publisher, distributor, etc. Tavistock
Date of publication, distribution, etc. (1965)
300 ## - PHYSICAL DESCRIPTION
Extent xlii, 142p.
350 ## -
-- 0.00
650 ## - SUBJECT ADDED ENTRY--TOPICAL TERM
Topical term or geographic name entry element ANTHROPOLOGY
650 ## - SUBJECT ADDED ENTRY--TOPICAL TERM
Topical term or geographic name entry element POLITICAL ANTHROPOLOGY
995 ## -
-- MAIN LIBRARY OPEN ACCESS
-- 0.00
-- 707498
-- CBU-MAIN LIBRARY (Kitwe)
-- 1
-- 4.00
-- GN 490 Con
-- 1
-- AVAILABLE
-- 000664
-- Main Library Open Access Collection
995 ## -
-- MAIN LIBRARY OPEN ACCESS
-- 0.00
-- 709997
-- CBU-MAIN LIBRARY (Kitwe)
-- 2
-- 4.00
-- GN 490 Con
-- 2
-- AVAILABLE
-- 000665
-- Main Library Open Access Collection
999 ## -
-- 82040
-- 82040
Holdings
Withdrawn status Lost status Source of classification or shelving scheme Damaged status Not for loan Permanent Location Current Location Shelving location Date acquired Total Checkouts Full call number Barcode Date last seen Copy number Price effective from Koha item type
          CBU-MAIN LIBRARY, KITWE. CBU-MAIN LIBRARY, KITWE.   09/12/2023   GN 490 Con 000664 09/12/2023 1 09/12/2023 MONOGRAPH
          CBU-MAIN LIBRARY, KITWE. CBU-MAIN LIBRARY, KITWE.   09/12/2023   GN 490 Con 000665 09/12/2023 2 09/12/2023 MONOGRAPH